[Event "EU-ch blitz"]
[Site "Katowice"]
[Date "2017.12.15"]
[Round "11"]
[White "Medarde Santiago, Luis Marcos"]
[Black "Zorko, Jure"]
[Result "1-0"]
[WhiteElo "2350"]
[BlackElo "2457"]
[PlyCount "97"]
[EventDate "2017.12.15"]
[EventType "swiss (blitz)"]
[EventRounds "22"]
[EventCountry "POL"]
[SourceTitle "CBM 182 Extra"]
[Source "ChessBase"]
[SourceDate "2018.02.23"]
[SourceVersion "1"]
[SourceVersionDate "2018.02.23"]
[SourceQuality "1"]

1. e4 e5 2. Nf3 Nc6 3. d4 exd4 4. Bc4 Nf6 5. e5 d5 6. Bb5 Ne4 7. Nxd4 Bd7 8. Bxc6 bxc6 9. 0-0 Bc5 10. f3 Ng5 11. f4 Ne4 12. Be3 Bb6 13. Nd2 Nxd2 14. Qxd2 c5 15. Nf3 d4 16. Bf2 Bc6 17. Qd3 Qd5 18. Rfe1 c4 19. Qf1 0-0-0 20. a4 d3 21. a5 Bxf2+ 22. Qxf2 Kb8 23. cxd3 cxd3 24. Rec1 Ba8 25. Rc5 Qb3 26. Rc3 Qb4 27. Nd2 Bd5 28. Raa3 Ka8 29. Rxc7 Qb8 30. Qc5 Bb7 31. a6 Bd5 32. Rxd3 Qb6 33. Qxb6 axb6 34. Kf2 g6 35. Rd4 Bxg2 36. Rxd8+ Rxd8 37. Kxg2 Rxd2+ 38. Kg3 Rxb2 39. Rxf7 Re2 40. Kf3 Re1 41. Rxh7 b5 42. Rb7 Rb1 43. e6 Re1 44. e7 b4 45. Rd7 b3 46. Rd8+ Ka7 47. e8Q Rxe8 48. Rxe8 b2 49. Re1 1-0

[Event "EU-ch blitz"]
[Site "Katowice"]
[Date "2017.12.15"]
[Round "14"]
[White "Swicarz, Maciej"]
[Black "Zorko, Jure"]
[Result "0-1"]
[WhiteElo "2378"]
[BlackElo "2457"]
[PlyCount "100"]
[EventDate "2017.12.15"]
[EventType "swiss (blitz)"]
[EventRounds "22"]
[EventCountry "POL"]
[SourceTitle "CBM 182 Extra"]
[Source "ChessBase"]
[SourceDate "2018.02.23"]
[SourceVersion "1"]
[SourceVersionDate "2018.02.23"]
[SourceQuality "1"]

1. e4 e5 2. Nf3 Nc6 3. c3 Nf6 4. d4 exd4 5. e5 Nd5 6. cxd4 Bb4+ 7. Nbd2 d6 8. a3 Ba5 9. b4 Bb6 10. Bb2 dxe5 11. dxe5 Nf4 12. Qc2 0-0 13. g3 Ne6 14. Nb3 Ng5 15. Bg2 Nxf3+ 16. Bxf3 Nxe5 17. Bxe5 Re8 18. 0-0 Rxe5 19. Rad1 Qe7 20. a4 a6 21. b5 axb5 22. axb5 Bh3 23. Bxb7 Bxf1 24. Bxa8 Bxb5 25. Qd2 g6 26. h4 h5 27. Bf3 Qf6 28. Qc3 Kg7 29. Kg2 Rf5 30. Qxf6+ Rxf6 31. Rc1 Be2 32. Rc3 Bxf3+ 33. Rxf3 Rxf3 34. Kxf3 Kf6 35. Nd2 Ke5 36. Nc4+ Kd5 37. Nd2 f5 38. Nb1 Bd4 39. Na3 c6 40. Nc2 c5 41. Ke2 c4 42. f3 Bc5 43. Kf1 Bd6 44. Kf2 c3 45. f4 Kc4 46. Ke3 Bc5+ 47. Ke2 Kb3 48. Kd3 Bf2 49. Na1+ Kb2 50. Nc2 Bxg3 0-1

[Event "SLO-chT 27th"]
[Site "Slovenia"]
[Date "2017.12.08"]
[Round "7.1"]
[White "Tomazini, Zan"]
[Black "Zorko, Jure"]
[Result "1/2-1/2"]
[WhiteElo "2395"]
[BlackElo "2465"]
[PlyCount "90"]
[EventDate "2017.09.29"]
[EventType "team-tourn"]
[EventRounds "9"]
[EventCountry "SLO"]
[SourceTitle "EXT 2019"]
[Source "ChessBase"]
[SourceDate "2018.10.10"]
[SourceVersion "1"]
[SourceVersionDate "2018.10.10"]
[SourceQuality "1"]
[WhiteTeam "Slovenska Bistrica Impol"]
[BlackTeam "Novo Mesto Krka"]
[WhiteTeamCountry "SLO"]
[BlackTeamCountry "SLO"]

1. e4 c5 2. c3 Nf6 3. e5 Nd5 4. d4 cxd4 5. Nf3 Nc6 6. cxd4 d6 7. Bc4 dxe5 8. Nxe5 e6 9. 0-0 Bd6 10. Qh5 0-0 11. Rd1 Qc7 12. Bxd5 exd5 13. Nc3 Bxe5 14. Nxd5 Bxh2+ 15. Qxh2 Qxh2+ 16. Kxh2 Bg4 17. f3 Rad8 18. Nc3 Bf5 19. d5 Nb4 20. Bg5 f6 21. Bh4 Rfe8 22. Rd2 g5 23. Bf2 b6 24. Rad1 Bc2 25. Rc1 Bf5 26. Bg3 h5 27. Nb5 h4 28. Bd6 Nd3 29. Rc6 Rd7 30. Ba3 Re5 31. Rxf6 Rexd5 32. Nd6 Bh7 33. Re2 Re5 34. Ne8 Rf7 35. Rxe5 Nxe5 36. Re6 Nc4 37. Nf6+ Kh8 38. Bb4 Bf5 39. Re8+ Kg7 40. Nd5 Rd7 41. Bc3+ Kf7 42. Nf6 Rd3 43. Ra8 Rxc3 44. Rxa7+ Kxf6 45. bxc3 Be6 1/2-1/2

[Event "AUT-chT 1718"]
[Site "Austria"]
[Date "2017.11.19"]
[Round "4.3"]
[White "Froewis, Georg"]
[Black "Zorko, Jure"]
[Result "1/2-1/2"]
[WhiteElo "2433"]
[BlackElo "2464"]
[PlyCount "60"]
[EventDate "2017.11.16"]
[EventType "team-tourn"]
[EventRounds "11"]
[EventCountry "AUT"]
[SourceTitle "CBM 181 Extra"]
[Source "ChessBase"]
[SourceDate "2017.12.12"]
[SourceVersion "1"]
[SourceVersionDate "2017.12.12"]
[SourceQuality "1"]
[WhiteTeam "Hohenems"]
[BlackTeam "Raika Feffernitz"]
[WhiteTeamCountry "AUT"]
[BlackTeamCountry "AUT"]

1. Nf3 d5 2. g3 c6 3. Bg2 Bg4 4. c4 e6 5. cxd5 Bxf3 6. Bxf3 cxd5 7. d3 Nf6 8. 0-0 Nc6 9. e4 dxe4 10. dxe4 Bc5 11. Nc3 0-0 12. Bg5 h6 13. Qxd8 Rfxd8 14. Bxf6 gxf6 15. Rac1 Bd4 16. Na4 Ne5 17. Be2 a6 18. Rfd1 b5 19. Nc3 Bxc3 20. Rxc3 Rxd1+ 21. Bxd1 Rd8 22. Bh5 Rd2 23. Rc8+ Kg7 24. Ra8 f5 25. f4 Ng4 26. Ra7 Rd1+ 27. Kg2 Rd2+ 28. Kg1 Rd1+ 29. Kg2 Rd2+ 30. Kg1 Rd1+ 1/2-1/2

[Event "AUT-chT 1718"]
[Site "Austria"]
[Date "2017.11.18"]
[Round "3.5"]
[White "Hilverda, Alexander"]
[Black "Zorko, Jure"]
[Result "0-1"]
[WhiteElo "2369"]
[BlackElo "2464"]
[PlyCount "92"]
[EventDate "2017.11.16"]
[EventType "team-tourn"]
[EventRounds "11"]
[EventCountry "AUT"]
[SourceTitle "CBM 181 Extra"]
[Source "ChessBase"]
[SourceDate "2017.12.12"]
[SourceVersion "1"]
[SourceVersionDate "2017.12.12"]
[SourceQuality "1"]
[WhiteTeam "Salzburg Royal"]
[BlackTeam "Raika Feffernitz"]
[WhiteTeamCountry "AUT"]
[BlackTeamCountry "AUT"]

1. Nf3 d5 2. g3 c6 3. Bg2 Bg4 4. 0-0 Nf6 5. c4 e6 6. d4 Be7 7. Ne5 Bf5 8. Nc3 0-0 9. Qb3 Qb6 10. c5 Qxb3 11. axb3 Nbd7 12. Bg5 Bd8 13. Bxf6 Nxf6 14. b4 Bc7 15. Nxc6 bxc6 16. Ra6 Rfb8 17. Rxc6 Bd8 18. b5 Ba5 19. Ra1 Bxc3 20. bxc3 Rxb5 21. Rxa7 Rb1+ 22. Bf1 Rab8 23. Kg2 Ne4 24. g4 Bg6 25. Rb6 R8xb6 26. cxb6 h5 27. b7 Kh7 28. gxh5 Bf5 29. e3 Ng5 30. h4 Ne4 31. Ba6 Nd6 32. f3 f6 33. Kg3 Rb6 34. e4 dxe4 35. c4 Rb3 36. c5 Rxf3+ 37. Kh2 Nxb7 38. Bxb7 Rc3 39. c6 e3 40. Kg3 e2+ 41. Kf2 Bg4 42. Ra1 Rf3+ 43. Kg1 Bh3 44. c7 Rf1+ 45. Kh2 Rxa1 46. c8Q e1Q 0-1

[Event "SLO-chT 27th"]
[Site "Slovenia"]
[Date "2017.09.30"]
[Round "2.4"]
[White "Lenic, Luka"]
[Black "Zorko, Jure"]
[Result "1-0"]
[WhiteElo "2646"]
[BlackElo "2465"]
[PlyCount "181"]
[EventDate "2017.09.29"]
[EventType "team-tourn"]
[EventRounds "9"]
[EventCountry "SLO"]
[SourceTitle "EXT 2018"]
[Source "ChessBase"]
[SourceDate "2017.10.13"]
[SourceVersion "1"]
[SourceVersionDate "2017.10.13"]
[SourceQuality "1"]
[WhiteTeam "Ljubljana Duol"]
[BlackTeam "Novo Mesto Krka"]
[WhiteTeamCountry "SLO"]
[BlackTeamCountry "SLO"]

1. Nf3 d5 2. g3 Nf6 3. Bg2 c6 4. 0-0 Bg4 5. h3 Bh5 6. d4 e6 7. c4 Nbd7 8. cxd5 exd5 9. Qb3 Bxf3 10. exf3 Nb6 11. a4 Qd7 12. Nd2 Nc8 13. Qc2 Bd6 14. Nb3 0-0 15. Nc5 Qc7 16. Nd3 a5 17. Bd2 Nd7 18. Rfe1 Nb8 19. Bc3 Na6 20. Qd2 b6 21. h4 Rd8 22. h5 Bf8 23. Rac1 Nd6 24. b3 Re8 25. Rxe8 Rxe8 26. Bh3 Nb7 27. h6 g6 28. Ne5 Nb8 29. Qf4 Nd8 30. Bd2 Qd6 31. Kf1 f5 32. Nd3 Ne6 33. Qxd6 Bxd6 34. Be3 Kf7 35. f4 Nd8 36. Bg2 Kf6 37. Ne5 Bf8 38. g4 fxg4 39. Nxg4+ Kf7 40. Ne5+ Kf6 41. Ng4+ Kf7 42. Ke2 Bd6 43. Ne5+ Ke7 44. Bh3 Rf8 45. Kd2 Bb4+ 46. Kd3 Ba3 47. Re1 Bb4 48. Re2 Nf7 49. Bc1 Kd8 50. Nxf7+ Rxf7 51. f5 gxf5 52. Re5 Nd7 53. Rxf5 Rxf5 54. Bxf5 Nf8 55. Ke2 Bd6 56. Be3 Kc7 57. Kf3 b5 58. Bd2 Kb6 59. Be3 c5 60. dxc5+ Bxc5 61. Kf4 bxa4 62. bxa4 d4 63. Bc1 d3 64. Kf3 Bd4 65. Bxd3 Bc3 66. Be3+ Kc6 67. Kg4 Kd6 68. Bf5 Ke5 69. Bd3 Kd6 70. f3 Ne6 71. Bc1 Nc5 72. Bc2 Ke5 73. Ba3 Bd4 74. Bc1 Bc3 75. Be3 Kd6 76. Kh5 Kc6 77. Kg4 Bf6 78. Bc1 Kd5 79. Bxh7 Nxa4 80. Kh5 Nc5 81. Be3 Nd7 82. f4 Bb2 83. Bc2 Nc5 84. Kg6 a4 85. Bxc5 Kxc5 86. Bxa4 Kd5 87. f5 Kd6 88. Kf7 Kd5 89. Kg8 Ke4 90. Bc2+ Kd5 91. h7 1-0

[Event "EU-ch blitz"]
[Site "Tallinn"]
[Date "2016.12.18"]
[Round "25"]
[White "Jankovic, Alojzije"]
[Black "Zorko, Jure"]
[Result "1/2-1/2"]
[WhiteElo "2591"]
[BlackElo "2454"]
[PlyCount "129"]
[EventDate "2016.12.17"]
[EventType "swiss (blitz)"]
[EventRounds "26"]
[EventCountry "EST"]
[SourceTitle "CBM 176 Extra"]
[Source "ChessBase"]
[SourceDate "2017.03.02"]
[SourceVersion "1"]
[SourceVersionDate "2017.03.02"]
[SourceQuality "1"]

1. d4 Nf6 2. Nf3 e6 3. c4 d5 4. Nc3 Bb4 5. cxd5 exd5 6. Bg5 Nbd7 7. e3 c5 8. Bd3 c4 9. Bf5 Qa5 10. Qc2 0-0 11. 0-0 Bxc3 12. bxc3 g6 13. Bxd7 Nxd7 14. e4 Nb6 15. e5 Bf5 16. Qd2 Nd7 17. Be7 Rfe8 18. Bb4 Qa6 19. Qf4 f6 20. g4 Be4 21. Rfe1 Bxf3 22. Qxf3 fxe5 23. Qxd5+ Qe6 24. Qxe6+ Rxe6 25. f4 e4 26. d5 Ree8 27. g5 a5 28. Bd6 Nb6 29. Rad1 Na4 30. Be5 Nb2 31. Rb1 Nd3 32. Rxe4 Rad8 33. Rb5 b6 34. Re3 Nc5 35. Rxb6 Rxd5 36. Rb2 Rd1+ 37. Kg2 Nd3 38. Rbe2 Rc1 39. Bd4 Rxe3 40. Rxe3 Nxf4+ 41. Kf3 Nd5 42. Re8+ Kf7 43. Rc8 Nxc3 44. Rxc4 Nxa2 45. Ra4 Nb4 46. Rxa5 Rc7 47. Ra8 Nc6 48. Bf6 Ke6 49. Ke4 Rb7 50. Ra6 Rb4+ 51. Kf3 Kd5 52. Ra8 Rb3+ 53. Kg2 Rb7 54. Re8 Ra7 55. h4 Nb4 56. Re5+ Kc6 57. Re6+ Kd5 58. Re5+ Kc6 59. Re8 Nd5 60. Kg3 Ra3+ 61. Kg4 Ra4+ 62. Kg3 Ra7 63. Re6+ Kd7 64. Re5 Kd6 65. Re1 1/2-1/2

[Event "EU-ch blitz"]
[Site "Tallinn"]
[Date "2016.12.18"]
[Round "19"]
[White "Movsesian, Sergei"]
[Black "Zorko, Jure"]
[Result "1-0"]
[WhiteElo "2673"]
[BlackElo "2454"]
[PlyCount "109"]
[EventDate "2016.12.17"]
[EventType "swiss (blitz)"]
[EventRounds "26"]
[EventCountry "EST"]
[SourceTitle "CBM 176 Extra"]
[Source "ChessBase"]
[SourceDate "2017.03.02"]
[SourceVersion "1"]
[SourceVersionDate "2017.03.02"]
[SourceQuality "1"]

1. e4 e5 2. Nf3 Nc6 3. Bc4 Bc5 4. 0-0 Nf6 5. d3 a6 6. c3 Ba7 7. h3 h6 8. Bb3 d6 9. Re1 0-0 10. Nbd2 Re8 11. Nf1 Be6 12. Bc2 d5 13. Bd2 dxe4 14. dxe4 Nd7 15. N3h2 Ne7 16. Qf3 Ng6 17. Ng4 a5 18. Ng3 Nh4 19. Qe2 Ng6 20. Rad1 Qe7 21. Nf5 Qf8 22. Qf3 Rad8 23. Qg3 Kh8 24. h4 Bxf5 25. exf5 Nf4 26. Bxf4 exf4 27. Qxf4 f6 28. Qxc7 Nc5 29. Qxa5 Rxd1 30. Rxd1 Bb8 31. Qb5 Qe7 32. Ne3 Na6 33. Rd7 Qc5 34. Rxb7 Qxb5 35. Rxb5 Bf4 36. Bb3 Bxe3 37. fxe3 h5 38. Kf2 Nc7 39. Rb7 Na6 40. Bf7 Rd8 41. b4 Nb8 42. b5 Nd7 43. Rc7 Ne5 44. Be6 Rd2+ 45. Kg3 Rb2 46. a4 Ng4 47. Rc8+ Kh7 48. Bg8+ Kh6 49. Bf7 g5 50. fxg6 Nxe3 51. Rh8+ Kg7 52. Rh7+ Kf8 53. Be6 Rxg2+ 54. Kf3 Rg1 55. g7+ 1-0

[Event "EU-ch blitz"]
[Site "Tallinn"]
[Date "2016.12.18"]
[Round "23"]
[White "Zakhartsov, Vladimir"]
[Black "Zorko, Jure"]
[Result "0-1"]
[WhiteElo "2453"]
[BlackElo "2454"]
[PlyCount "42"]
[EventDate "2016.12.17"]
[EventType "swiss (blitz)"]
[EventRounds "26"]
[EventCountry "EST"]
[SourceTitle "CBM 176 Extra"]
[Source "ChessBase"]
[SourceDate "2017.03.02"]
[SourceVersion "1"]
[SourceVersionDate "2017.03.02"]
[SourceQuality "1"]

1. e4 e5 2. Nf3 Nc6 3. Bb5 Nf6 4. 0-0 Nxe4 5. d4 Nd6 6. Bxc6 dxc6 7. dxe5 Nf5 8. Qxd8+ Kxd8 9. h3 Ke8 10. g4 Ne7 11. Kg2 h5 12. Kg3 hxg4 13. hxg4 f5 14. exf6 gxf6 15. Nh4 Nd5 16. f4 Bd6 17. Kh3 Kf7 18. f5 Bd7 19. g5 fxg5 20. Bxg5 Rag8 21. Rg1 Bxf5+ 0-1

[Event "EU-ch blitz"]
[Site "Tallinn"]
[Date "2016.12.18"]
[Round "26"]
[White "Zorko, Jure"]
[Black "Jankovic, Alojzije"]
[Result "0-1"]
[WhiteElo "2454"]
[BlackElo "2591"]
[PlyCount "150"]
[EventDate "2016.12.17"]
[EventType "swiss (blitz)"]
[EventRounds "26"]
[EventCountry "EST"]
[SourceTitle "CBM 176 Extra"]
[Source "ChessBase"]
[SourceDate "2017.03.02"]
[SourceVersion "1"]
[SourceVersionDate "2017.03.02"]
[SourceQuality "1"]

1. d4 Nf6 2. Nf3 g6 3. Bg5 Bg7 4. Nbd2 d6 5. c3 0-0 6. e4 h6 7. Bh4 Nc6 8. Be2 e5 9. dxe5 dxe5 10. 0-0 Qe8 11. Qc2 Kh8 12. Nc4 Ng8 13. Nfd2 f5 14. f3 g5 15. Bf2 f4 16. b4 h5 17. b5 Nce7 18. a4 g4 19. Rfd1 Qg6 20. Bc5 Bf6 21. Kh1 Be6 22. a5 b6 23. Bg1 Qg7 24. Nb2 Ng6 25. Bf2 g3 26. hxg3 fxg3 27. Bxg3 Bh4 28. Bh2 Nf4 29. Bf1 Bg3 30. Ndc4 h4 31. Qd2 Nh6 32. Qe3 Nf7 33. Nd2 Bxh2 34. Kxh2 Qg3+ 35. Kh1 h3 36. Qg1 Rg8 37. Qh2 Qxh2+ 38. Kxh2 hxg2 39. Bc4 Rg6 40. Bxe6 Rxe6 41. Kg3 Rg8+ 42. Kf2 Nh3+ 43. Ke3 g1Q+ 44. Rxg1 Rxg1 45. Rxg1 Nxg1 46. a6 Nh3 47. Nd3 Nf4 48. Nb4 Nd6 49. c4 Nc8 50. Nb1 Rd6 51. Nc3 Ne6 52. Ncd5 Kg7 53. Nc6 Kf8 54. Nxe5 Ne7 55. Nb4 Rd1 56. Nbc6 Nxc6 57. Nxc6 Rc1 58. Nxa7 Rxc4 59. Nc6 Ra4 60. f4 Ra3+ 61. Kd2 Nxf4 62. Kc2 Ne6 63. Kb2 Ra4 64. e5 Nc5 65. Nb8 Ra5 66. Kc3 Rxb5 67. a7 Ra5 68. Nc6 Ra4 69. Kb2 Kf7 70. Kc3 Ke6 71. Kb2 Kd5 72. Ne7+ Kxe5 73. Kc2 Kd6 74. Nf5+ Kd7 75. Ne3 Rxa7 0-1

[Event "EU-ch blitz"]
[Site "Tallinn"]
[Date "2016.12.18"]
[Round "24"]
[White "Zorko, Jure"]
[Black "Zakhartsov, Vladimir"]
[Result "1-0"]
[WhiteElo "2454"]
[BlackElo "2453"]
[PlyCount "91"]
[EventDate "2016.12.17"]
[EventType "swiss (blitz)"]
[EventRounds "26"]
[EventCountry "EST"]
[SourceTitle "CBM 176 Extra"]
[Source "ChessBase"]
[SourceDate "2017.03.02"]
[SourceVersion "1"]
[SourceVersionDate "2017.03.02"]
[SourceQuality "1"]

1. d4 Nf6 2. Nf3 e6 3. e3 c5 4. Bd3 d5 5. b3 b6 6. Bb2 Be7 7. 0-0 0-0 8. Nbd2 Bb7 9. Ne5 Nbd7 10. f4 Ne4 11. Nxe4 dxe4 12. Be2 cxd4 13. Nxd7 Qxd7 14. Qxd4 Qxd4 15. Bxd4 Rac8 16. c4 Rfd8 17. Rfd1 f6 18. Kf2 Kf7 19. Bc3 h6 20. Bd4 f5 21. Be5 Bf6 22. Rxd8 Rxd8 23. Bxf6 Kxf6 24. Rd1 Rxd1 25. Bxd1 e5 26. g3 g5 27. h4 Bc6 28. b4 Be8 29. hxg5+ hxg5 30. c5 bxc5 31. bxc5 Bf7 32. a3 Bd5 33. Ba4 exf4 34. exf4 gxf4 35. gxf4 Ke6 36. Ke3 Bb7 37. Kd4 a5 38. Bb3+ Kf6 39. Ba4 Ke6 40. Bb5 Kf6 41. Bd7 Ke7 42. Bxf5 e3 43. Kxe3 Kf6 44. Be4 Bc8 45. Kd4 Ke7 46. Ke5 1-0

[Event "EU-ch blitz"]
[Site "Tallinn"]
[Date "2016.12.17"]
[Round "9"]
[White "Dzhumagaliev, Yan"]
[Black "Zorko, Jure"]
[Result "0-1"]
[WhiteElo "2400"]
[BlackElo "2454"]
[PlyCount "64"]
[EventDate "2016.12.17"]
[EventType "swiss (blitz)"]
[EventRounds "26"]
[EventCountry "EST"]
[SourceTitle "CBM 176 Extra"]
[Source "ChessBase"]
[SourceDate "2017.03.02"]
[SourceVersion "1"]
[SourceVersionDate "2017.03.02"]
[SourceQuality "1"]

1. d4 Nf6 2. c4 e6 3. g3 d5 4. Nf3 Bb4+ 5. Bd2 Be7 6. Bg2 0-0 7. 0-0 c6 8. Qc2 Nbd7 9. b3 b6 10. a4 Bb7 11. a5 c5 12. cxd5 Nxd5 13. a6 Bc6 14. e4 N5f6 15. Nc3 Rc8 16. Qb1 b5 17. e5 Nd5 18. Ne4 cxd4 19. Ba5 Qe8 20. Rc1 b4 21. Nxd4 Nxe5 22. f4 Ng4 23. Bf3 Ngf6 24. Nxc6 Rxc6 25. Qd3 Qc8 26. Rxc6 Qxc6 27. Nxf6+ Bxf6 28. Ra2 g6 29. Kg2 Qc5 30. Ra4 Bc3 31. Ra2 Rc8 32. g4 Nxf4+ 0-1

[Event "EU-ch blitz"]
[Site "Tallinn"]
[Date "2016.12.17"]
[Round "18"]
[White "Kulaots, Kaido"]
[Black "Zorko, Jure"]
[Result "1-0"]
[WhiteElo "2556"]
[BlackElo "2454"]
[PlyCount "57"]
[EventDate "2016.12.17"]
[EventType "swiss (blitz)"]
[EventRounds "26"]
[EventCountry "EST"]
[SourceTitle "CBM 176 Extra"]
[Source "ChessBase"]
[SourceDate "2017.03.02"]
[SourceVersion "1"]
[SourceVersionDate "2017.03.02"]
[SourceQuality "1"]

1. e4 e5 2. Nf3 Nc6 3. Bb5 Nf6 4. d3 Bc5 5. Bxc6 dxc6 6. Nbd2 Nd7 7. Nc4 Bd6 8. Bg5 f6 9. Bd2 0-0 10. h4 Nc5 11. h5 f5 12. h6 fxe4 13. hxg7 Rf7 14. Ng5 Rxg7 15. Nxe4 Nxe4 16. dxe4 Rxg2 17. Qh5 Rg7 18. Ne3 Bd7 19. Nf5 Bxf5 20. exf5 Kh8 21. 0-0-0 Qf6 22. Qf3 Rf7 23. Rh5 Rg8 24. Rdh1 Rgg7 25. Qh3 Bc5 26. Bh6 Rg8 27. Bg5 Rxg5 28. Rxh7+ Kg8 29. Rh8+ 1-0

[Event "EU-ch blitz"]
[Site "Tallinn"]
[Date "2016.12.17"]
[Round "13"]
[White "Vallejo Pons, Francisco"]
[Black "Zorko, Jure"]
[Result "1-0"]
[WhiteElo "2711"]
[BlackElo "2454"]
[PlyCount "127"]
[EventDate "2016.12.17"]
[EventType "swiss (blitz)"]
[EventRounds "26"]
[EventCountry "EST"]
[SourceTitle "CBM 176 Extra"]
[Source "ChessBase"]
[SourceDate "2017.03.02"]
[SourceVersion "1"]
[SourceVersionDate "2017.03.02"]
[SourceQuality "1"]

1. d4 Nf6 2. c4 e6 3. g3 d5 4. Bg2 Bb4+ 5. Nd2 0-0 6. Qc2 c5 7. dxc5 Bxc5 8. cxd5 Na6 9. Nb3 Bb4+ 10. Bd2 exd5 11. Nf3 Re8 12. e3 Ne4 13. 0-0 Nxd2 14. Nbxd2 Be7 15. Nb3 Bf6 16. Nbd4 Bd7 17. Rac1 Qb6 18. Qd2 g6 19. h4 Rac8 20. Ng5 Qd6 21. Nb3 h6 22. Ne4 Qe7 23. Nxf6+ Qxf6 24. Qxd5 Bc6 25. Qd4 Qxd4 26. Nxd4 Bxg2 27. Kxg2 Nb4 28. Rcd1 Nxa2 29. Ra1 Nb4 30. Rxa7 Re7 31. Rfa1 Nd3 32. b3 h5 33. R1a5 Rc1 34. Ra1 Rxa1 35. Rxa1 Nc5 36. Ra7 Kf8 37. Kf3 Rd7 38. b4 Nd3 39. b5 Ke7 40. Ra3 Ne5+ 41. Ke2 Rc7 42. Ra7 Nc4 43. Ra8 Nd6 44. Rb8 Rc5 45. Kd3 Rc1 46. Ke2 Rb1 47. Kd3 Rb2 48. f3 Rg2 49. e4 Rxg3 50. e5 Nf5 51. Rxb7+ Ke8 52. b6 Nxd4 53. Kxd4 Rxf3 54. Rc7 Kd8 55. Kd5 Rd3+ 56. Kc6 g5 57. hxg5 h4 58. Rxf7 Rc3+ 59. Kd6 Rd3+ 60. Ke6 Ke8 61. Rh7 Kf8 62. b7 Rb3 63. b8Q+ Rxb8 64. Rh8+ 1-0

[Event "EU-ch blitz"]
[Site "Tallinn"]
[Date "2016.12.17"]
[Round "17"]
[White "Zorko, Jure"]
[Black "Kulaots, Kaido"]
[Result "1-0"]
[WhiteElo "2454"]
[BlackElo "2556"]
[PlyCount "77"]
[EventDate "2016.12.17"]
[EventType "swiss (blitz)"]
[EventRounds "26"]
[EventCountry "EST"]
[SourceTitle "CBM 176 Extra"]
[Source "ChessBase"]
[SourceDate "2017.03.02"]
[SourceVersion "1"]
[SourceVersionDate "2017.03.02"]
[SourceQuality "1"]

1. d4 g6 2. e4 Bg7 3. c3 d6 4. Nf3 Nf6 5. Nbd2 0-0 6. Be2 Nbd7 7. 0-0 e5 8. dxe5 dxe5 9. Qc2 b6 10. Re1 Bb7 11. Bf1 Qe7 12. Nc4 a5 13. a4 h6 14. b3 Rfe8 15. Ba3 Qe6 16. Nfd2 Qc6 17. Ne3 Nxe4 18. Bb5 Qxc3 19. Nxe4 Qxc2 20. Nxc2 Red8 21. Rad1 f5 22. Be7 Re8 23. Rxd7 Bxe4 24. Ne3 Rec8 25. Bc4+ Kh8 26. Nd5 b5 27. Bf6 Rg8 28. Rxg7 Rxg7 29. axb5 a4 30. bxa4 Rxa4 31. Bb3 Ra3 32. Bc4 Ra4 33. Rc1 Kh7 34. Bxg7 Kxg7 35. f3 Bxd5 36. Bxd5 Ra7 37. Rc6 h5 38. h4 Rb7 39. Rxg6+ 1-0

[Event "SLO-chT"]
[Site "Slovenia"]
[Date "2016.11.13"]
[Round "6.4"]
[White "Zorko, Jure"]
[Black "Mazi, Leon"]
[Result "1/2-1/2"]
[WhiteElo "2463"]
[BlackElo "2357"]
[PlyCount "70"]
[EventDate "2016.10.14"]
[EventType "team-tourn"]
[EventRounds "9"]
[EventCountry "SLO"]
[SourceTitle "CBM 175 Extra"]
[Source "ChessBase"]
[SourceDate "2016.12.12"]
[SourceVersion "1"]
[SourceVersionDate "2016.12.12"]
[SourceQuality "1"]
[WhiteTeam "Novo Mesto Krka"]
[BlackTeam "Prevodi Dvojka"]
[WhiteTeamCountry "SLO"]
[BlackTeamCountry "SLO"]

1. d4 d6 2. e4 Nf6 3. Nc3 g6 4. f4 Bg7 5. Bd3 e5 6. dxe5 dxe5 7. Nf3 exf4 8. Bxf4 0-0 9. 0-0 c6 10. Kh1 Bg4 11. Bc4 Qxd1 12. Raxd1 Nbd7 13. h3 Be6 14. Bxe6 fxe6 15. Bd6 Rfe8 16. Rd3 e5 17. Rfd1 Nh5 18. Be7 Nb6 19. Bh4 Nf4 20. Rd8 Raxd8 21. Bxd8 Nc4 22. Rd7 b5 23. Bh4 Ne6 24. Rxa7 Nxb2 25. a4 bxa4 26. Nxa4 Nc4 27. Ra6 Rc8 28. Nb6 Nxb6 29. Rxb6 Nd4 30. c3 Nb5 31. Be1 Nd6 32. Nd2 Bh6 33. Nf3 Bg7 34. Nd2 Bh6 35. Nf3 Bg7 1/2-1/2

[Event "SLO-chT"]
[Site "Slovenia"]
[Date "2016.11.12"]
[Round "5.3"]
[White "Spalir, Jernej"]
[Black "Zorko, Jure"]
[Result "1/2-1/2"]
[WhiteElo "2358"]
[BlackElo "2463"]
[PlyCount "81"]
[EventDate "2016.10.14"]
[EventType "team-tourn"]
[EventRounds "9"]
[EventCountry "SLO"]
[SourceTitle "CBM 175 Extra"]
[Source "ChessBase"]
[SourceDate "2016.12.12"]
[SourceVersion "1"]
[SourceVersionDate "2016.12.12"]
[SourceQuality "1"]
[WhiteTeam "Krsko Triglav"]
[BlackTeam "Novo Mesto Krka"]
[WhiteTeamCountry "SLO"]
[BlackTeamCountry "SLO"]

1. e4 e6 2. d4 d5 3. exd5 exd5 4. Bd3 Bd6 5. Ne2 Ne7 6. 0-0 0-0 7. Bf4 c6 8. Bxd6 Qxd6 9. Nd2 Bf5 10. Bxf5 Nxf5 11. c3 Nd7 12. Ng3 Nxg3 13. hxg3 Rfe8 14. Re1 Nf8 15. Nf3 f6 16. Qd2 Qd7 17. Rxe8 Rxe8 18. Re1 Rxe1+ 19. Nxe1 Qf5 20. Qd3 Qxd3 21. Nxd3 Nd7 22. Kf1 Kf7 23. Ke2 h5 24. Nf4 g6 25. Kd3 Nf8 26. b3 Ne6 27. Nxe6 Kxe6 28. Ke3 Kf5 29. Kf3 Kg5 30. Ke3 Kg4 31. Ke2 Kg5 32. f3 Kf5 33. Ke3 Kg5 34. Ke2 Kf5 35. Ke3 Ke6 36. Kd3 g5 37. Ke3 Kf7 38. g4 hxg4 39. fxg4 Ke6 40. Kf3 Kd6 41. Ke3 1/2-1/2

[Event "AUT-chT 1617"]
[Site "Austria"]
[Date "2016.10.23"]
[Round "4.6"]
[White "Koffler, Daniel"]
[Black "Zorko, Jure"]
[Result "1/2-1/2"]
[WhiteElo "2152"]
[BlackElo "2463"]
[PlyCount "66"]
[EventDate "2016.10.20"]
[EventType "team-tourn"]
[EventRounds "11"]
[EventCountry "AUT"]
[SourceTitle "CBM 175 Extra"]
[Source "ChessBase"]
[SourceDate "2016.12.12"]
[SourceVersion "1"]
[SourceVersionDate "2016.12.12"]
[SourceQuality "1"]
[WhiteTeam "Nickelsdorf Blackburne"]
[BlackTeam "Raika Feffernitz"]
[WhiteTeamCountry "AUT"]
[BlackTeamCountry "AUT"]

1. e4 c5 2. Nf3 e6 3. d4 cxd4 4. Nxd4 a6 5. Bd3 Bc5 6. Nb3 Be7 7. Qg4 g6 8. Qe2 d6 9. 0-0 Nd7 10. Nc3 Qc7 11. Bd2 Ngf6 12. Bh6 Bf8 13. Bxf8 Kxf8 14. f4 Kg7 15. Rae1 h5 16. h3 Qb6+ 17. Qf2 Qxf2+ 18. Rxf2 b6 19. e5 Ne8 20. Nd4 dxe5 21. fxe5 Bb7 22. Be4 Ra7 23. Bxb7 Rxb7 24. Rd2 Rc7 25. Nf3 Kf8 26. Re4 Ke7 27. Red4 Ng7 28. g4 hxg4 29. hxg4 Rh3 30. Kg2 Rxf3 31. Rxd7+ Rxd7 32. Rxd7+ Kxd7 33. Kxf3 Ne8 1/2-1/2